000 00649nam a2200241Ia 4500
003 OSt
005 20220927112059.0
006 a|||||r|||| 00| 0
007 ta
008 220926b |||||||| |||| 00| 0 eng d
024 _a103330
037 _cReports
040 _aRTL
_cRTL
_beng
041 _2eng
_aeng
082 _a"z.218.N61t5:g:(X71), K2/GD"
110 _aAndhra
_9383094
245 0 _a"Details of schemes in the third five year plan, in"
260 _c1962
650 _aGeneralia
700 _aAndhra
_9383095
942 _h"z.218.N61t5:g:(X71), K2/GD"
_cCC
999 _c699786
_d699786